000
00310nam a22001217a 4500
999
_c
13561
_d
13561
020
_a
9789698854002
082
_a
297
100
_a
Iqbal S.Hussain
245
_a
The Decline of the Muslim Ummah
260
_a
Pakistan
_b
Humanity International Publishers and Promoters
_c
2004
300
_a
468 pages
942
_c
BK